[Event "European Rapid Championship 2021"]
[Site "Katowice"]
[Date "2021.12.19"]
[Round "10.10"]
[White "Paszewski, Mateusz"]
[Black "Redzisz, Michal"]
[Result "1-0"]
[WhiteElo "2202"]
[BlackElo "2257"]
[Annotator "NA"]
[PlyCount "90"]
[EventDate "2021.12.18"]
[EventType "swiss"]
[EventCountry "POL"]
[SourceTitle "playchess.com"]
[Source "ChessBase"]
[SourceQuality "1"]
[TimeControl "900+10"]

1. Nf3 {[%emt 0:00:02]} Nf6 {[%emt 0:00:03]} 2. c4 {[%emt 0:00:01]} g6 {
[%emt 0:00:05]} 3. b3 {[%emt 0:00:04]} Bg7 {[%emt 0:00:11]} 4. Bb2 {[%emt 0:00:
01]} O-O {[%emt 0:00:15]} 5. g3 {[%emt 0:00:01]} d5 {[%emt 0:02:30]} 6. cxd5 {
[%emt 0:00:47]} Qxd5 {[%emt 0:00:02]} 7. Bg2 {[%emt 0:00:11]} Qh5 {[%emt 0:01:
05]} 8. h3 {[%emt 0:00:08]} c6 {[%emt 0:00:35]} 9. Nc3 {[%emt 0:00:19]} Nbd7 {
[%emt 0:01:09]} 10. d4 {[%emt 0:00:22]} g5 {[%emt 0:02:06]} 11. e4 Qg6 {
[%emt 0:00:31]} 12. Qe2 {[%emt 0:01:21]} Rd8 {[%emt 0:01:43]} 13. Rd1 {[%emt 0:
01:56]} h5 {[%emt 0:02:19]} 14. O-O {[%emt 0:00:12]} Nh7 {[%emt 0:00:20]} 15.
d5 {[%emt 0:00:54]} c5 {[%emt 0:01:31]} 16. e5 {[%emt 0:00:46]} Nb6 {[%emt 0:
00:18]} 17. Rfe1 {[%emt 0:00:50]} Bf5 {[%emt 0:00:49]} 18. Nd2 {[%emt 0:04:09]}
Bc2 {[%emt 0:01:10]} 19. Rc1 {[%emt 0:00:04]} Bd3 {[%emt 0:00:06]} 20. Qe3 {
[%emt 0:00:01]} Rac8 {[%emt 0:00:48]} 21. Nce4 {[%emt 0:01:57]} c4 {[%emt 0:00:
18]} 22. bxc4 {[%emt 0:00:14]} Bxc4 {[%emt 0:00:01]} 23. d6 {[%emt 0:01:46]}
exd6 {[%emt 0:00:07]} 24. Nxd6 {[%emt 0:00:01]} Rxd6 {[%emt 0:00:22]} 25. exd6
{[%emt 0:00:03]} Bxb2 {[%emt 0:00:11]} 26. d7 {[%emt 0:00:28]} Rf8 {[%emt 0:00:
28]} 27. Rxc4 {[%emt 0:01:31]} Nxc4 {[%emt 0:00:01]} 28. Nxc4 {[%emt 0:00:01]}
Bf6 {[%emt 0:00:14]} 29. Be4 {[%emt 0:00:33]} Qg7 {[%emt 0:00:07]} 30. Qxa7 {
[%emt 0:00:14]} Bd4 {[%emt 0:00:30]} 31. Qxb7 {[%emt 0:00:02]} Qf6 {[%emt 0:00:
01]} 32. Re2 {[%emt 0:00:20]} h4 {[%emt 0:00:07]} 33. g4 {[%emt 0:00:30]} Kg7 {
[%emt 0:00:07]} 34. Bxh7 {[%emt 0:00:08]} Kxh7 {[%emt 0:00:03]} 35. Qe4+ {
[%emt 0:00:01]} Kg7 {[%emt 0:00:03]} 36. Ne3 {[%emt 0:00:22]} Bxe3 {[%emt 0:00:
12]} 37. Qxe3 {[%emt 0:00:02]} Rd8 {[%emt 0:00:19]} 38. Rd2 {[%emt 0:00:01]}
Qa1+ {[%emt 0:00:25]} 39. Kg2 {[%emt 0:00:01]} Qf6 {[%emt 0:00:02]} 40. Rd5 {
[%emt 0:00:05]} Kg6 {[%emt 0:00:23]} 41. a4 {[%emt 0:00:28]} Kh6 {[%emt 0:00:
01]} 42. Qd4 {[%emt 0:00:17]} Qc6 {[%emt 0:00:08]} 43. Qe5 {[%emt 0:00:21]} f6
{[%emt 0:00:12]} 44. Qd6 {[%emt 0:00:01]} Qc3 {[%emt 0:00:12]} 45. Qe7 {
[%emt 0:00:34]} Qg3+ {[%emt 0:00:01]} 1-0

[Event "European Rapid Championship 2021"]
[Site "Katowice"]
[Date "2021.12.19"]
[Round "10.11"]
[White "Stefansson, Hannes"]
[Black "Mis, Mieszko"]
[Result "1/2-1/2"]
[WhiteElo "2519"]
[BlackElo "2237"]
[Annotator "ChessBase"]
[PlyCount "94"]
[EventDate "2021.12.18"]
[EventType "swiss"]
[EventCountry "POL"]
[SourceTitle "playchess.com"]
[Source "ChessBase"]
[SourceQuality "1"]
[TimeControl "900+10"]

1. d4 {[%emt 0:00:01]} Nf6 {[%emt 0:00:09]} 2. c4 {[%emt 0:00:02]} c6 {[%emt 0:
00:14]} 3. Nc3 {[%emt 0:00:16]} d5 {[%emt 0:00:01]} 4. e3 {[%emt 0:00:14]} e6 {
[%emt 0:00:15]} 5. Nf3 {[%emt 0:00:09]} a6 {[%emt 0:00:03]} 6. b3 {[%emt 0:00:
06]} c5 {[%emt 0:00:07]} 7. cxd5 {[%emt 0:00:20]} cxd4 {[%emt 0:00:09]} 8. Qxd4
{[%emt 0:00:26]} exd5 {[%emt 0:00:05]} 9. Be2 {[%emt 0:00:31]} Nc6 {[%emt 0:00:
04]} 10. Qd3 {[%emt 0:00:05]} Bd6 {[%emt 0:01:25]} 11. O-O {[%emt 0:00:12]} O-O
{[%emt 0:00:20]} 12. Bb2 {[%emt 0:00:14]} Be6 {[%emt 0:00:41]} 13. Rfd1 {
[%emt 0:00:37]} Qe7 {[%emt 0:01:03]} 14. Ng5 {[%emt 0:01:28]} Ne5 {[%emt 0:02:
44]} 15. Qd4 {[%emt 0:00:02]} Rac8 {[%emt 0:01:16]} 16. Rac1 {[%emt 0:01:33]}
Ng6 {[%emt 0:02:24]} 17. h3 {[%emt 0:02:39]} Rfd8 {[%emt 0:00:20]} 18. Qd3 {
[%emt 0:01:57]} d4 {[%emt 0:02:24]} 19. Nxe6 {[%emt 0:01:42]} Qxe6 {[%emt 0:00:
14]} 20. Na4 {[%emt 0:00:01]} Rxc1 {[%emt 0:01:18]} 21. Rxc1 {[%emt 0:00:04]}
dxe3 {[%emt 0:02:53]} 22. Qxe3 {[%emt 0:00:02]} Qxe3 {[%emt 0:00:09]} 23. fxe3
{[%emt 0:00:02]} Nf8 {[%emt 0:00:27]} 24. Rd1 {[%emt 0:00:11]} Ne6 {[%emt 0:00:
07]} 25. Bf3 {[%emt 0:00:33]} b5 {[%emt 0:00:01]} 26. Nc3 {[%emt 0:00:04]} Be5
{[%emt 0:00:16]} 27. Rxd8+ {[%emt 0:00:09]} Nxd8 {[%emt 0:00:00]} 28. Kf2 {
[%emt 0:00:03]} Kf8 {[%emt 0:00:10]} 29. Ba3+ {[%emt 0:00:05]} Ke8 {[%emt 0:00:
04]} 30. Nd5 {[%emt 0:00:04]} Nxd5 {[%emt 0:00:05]} 31. Bxd5 {[%emt 0:00:02]}
Kd7 {[%emt 0:00:13]} 32. h4 {[%emt 0:00:06]} h5 {[%emt 0:00:18]} 33. Kf3 {
[%emt 0:00:08]} g6 {[%emt 0:00:07]} 34. g4 {[%emt 0:00:11]} hxg4+ {[%emt 0:00:
01]} 35. Kxg4 {[%emt 0:00:01]} Ne6 {[%emt 0:00:25]} 36. Bb4 {[%emt 0:00:07]}
Bc7 {[%emt 0:00:19]} 37. Bc3 {[%emt 0:00:05]} Kd6 {[%emt 0:00:11]} 38. Bg2 {
[%emt 0:00:15]} Bb6 {[%emt 0:00:03]} 39. Kf3 {[%emt 0:00:11]} Bd8 {[%emt 0:00:
10]} 40. b4 {[%emt 0:00:06]} Bxh4 {[%emt 0:00:04]} 41. Ke2 {[%emt 0:00:02]} Kc7
{[%emt 0:00:27]} 42. Be5+ {[%emt 0:00:06]} Kb6 {[%emt 0:00:00]} 43. Bd5 {
[%emt 0:00:07]} Be7 {[%emt 0:00:02]} 44. Bc3 {[%emt 0:00:04]} Bf8 {[%emt 0:00:
15]} 45. a3 {[%emt 0:00:02]} Be7 {[%emt 0:00:19]} 46. Kd3 {[%emt 0:00:02]} Bd6
{[%emt 0:00:08]} 47. Bf6 {[%emt 0:00:05]} Bc7 {[%emt 0:00:09]} 1/2-1/2

[Event "European Rapid Championship 2021"]
[Site "Katowice"]
[Date "2021.12.19"]
[Round "10.11"]
[White "Lukasiewicz, Krzysztof"]
[Black "Cukrowski, Filip"]
[Result "0-1"]
[WhiteElo "2251"]
[BlackElo "2373"]
[Annotator "NA"]
[PlyCount "60"]
[EventDate "2021.12.18"]
[EventType "swiss"]
[EventCountry "POL"]
[SourceTitle "playchess.com"]
[Source "ChessBase"]
[SourceQuality "1"]
[TimeControl "900+10"]

1. e4 {[%emt 0:00:01]} c6 {[%emt 0:00:01]} 2. d4 {[%emt 0:00:01]} d5 {[%emt 0:
00:01]} 3. e5 {[%emt 0:00:01]} Bf5 {[%emt 0:00:01]} 4. Nf3 {[%emt 0:00:01]} e6
{[%emt 0:00:04]} 5. Be2 {[%emt 0:00:01]} c5 {[%emt 0:00:20]} 6. Be3 {[%emt 0:
00:02]} Ne7 {[%emt 0:00:05]} 7. dxc5 {[%emt 0:00:28]} Nd7 {[%emt 0:00:46]} 8.
O-O {[%emt 0:02:17]} Nc6 {[%emt 0:00:14]} 9. c4 {[%emt 0:00:24]} dxc4 {[%emt 0:
00:41]} 10. Na3 {[%emt 0:00:02]} Bxc5 {[%emt 0:01:45]} 11. Bxc5 {[%emt 0:00:16]
} Nxc5 {[%emt 0:00:02]} 12. Nxc4 {[%emt 0:00:02]} O-O {[%emt 0:00:27]} 13. Rc1
{[%emt 0:00:01]} Nd3 {[%emt 0:00:44]} 14. Rc3 {[%emt 0:00:08]} Nf4 {[%emt 0:01:
03]} 15. Nd6 {[%emt 0:00:01]} Bg4 {[%emt 0:04:47]} 16. Nxb7 {[%emt 0:01:20]}
Qb6 {[%emt 0:00:01]} 17. Rb3 {[%emt 0:00:02]} Qc7 {[%emt 0:00:01]} 18. h3 {
[%emt 0:00:40]} Nxe2+ {[%emt 0:00:09]} 19. Qxe2 {[%emt 0:00:01]} Nd4 {[%emt 0:
00:02]} 20. Qe4 {[%emt 0:01:43]} Bxf3 {[%emt 0:00:18]} 21. gxf3 {[%emt 0:00:41]
} Nxb3 {[%emt 0:00:02]} 22. axb3 {[%emt 0:00:01]} Rab8 {[%emt 0:00:02]} 23. Nd6
{[%emt 0:00:02]} Rxb3 {[%emt 0:00:16]} 24. f4 {[%emt 0:00:09]} Rxh3 {[%emt 0:
02:29]} 25. Kg2 {[%emt 0:00:16]} Rh6 {[%emt 0:00:14]} 26. Rd1 {[%emt 0:00:13]}
f6 {[%emt 0:00:40]} 27. b4 {[%emt 0:03:08]} fxe5 {[%emt 0:00:15]} 28. fxe5 {
[%emt 0:00:01]} Qe7 {[%emt 0:00:24]} 29. Rd3 {[%emt 0:00:24]} Qg5+ {[%emt 0:00:
28]} 30. Rg3 {[%emt 0:00:02]} Qh5 {[%emt 0:00:02]} 0-1

[Event "European Rapid Championship 2021"]
[Site "Katowice"]
[Date "2021.12.19"]
[Round "10.12"]
[White "Janik, Igor"]
[Black "Niedbala, Bartlomiej"]
[Result "1-0"]
[WhiteElo "2462"]
[BlackElo "2131"]
[Annotator "ChessBase"]
[PlyCount "131"]
[EventDate "2021.12.18"]
[EventType "swiss"]
[EventCountry "POL"]
[SourceTitle "playchess.com"]
[Source "ChessBase"]
[SourceQuality "1"]
[TimeControl "900+10"]

1. c4 {[%emt 0:00:01]} Nf6 {[%emt 0:00:22]} 2. g3 {[%emt 0:00:05]} e6 {[%emt 0:
00:58]} 3. Bg2 {[%emt 0:00:19]} d5 {[%emt 0:00:02]} 4. Nf3 {[%emt 0:00:06]}
dxc4 {[%emt 0:00:12]} 5. Qa4+ {[%emt 0:00:01]} Bd7 {[%emt 0:00:03]} 6. Qxc4 {
[%emt 0:00:01]} c5 {[%emt 0:00:03]} 7. Ne5 {[%emt 0:00:07]} Qc8 {[%emt 0:00:11]
} 8. Qd3 {[%emt 0:00:06]} Nc6 {[%emt 0:00:32]} 9. Nxd7 {[%emt 0:00:02]} Qxd7 {
[%emt 0:00:13]} 10. Qxd7+ {[%emt 0:00:05]} Kxd7 {[%emt 0:00:13]} 11. b3 {
[%emt 0:00:54]} Rc8 {[%emt 0:00:29]} 12. Bb2 {[%emt 0:00:12]} Be7 {[%emt 0:00:
16]} 13. Nc3 {[%emt 0:00:19]} Rhd8 {[%emt 0:00:23]} 14. e3 {[%emt 0:00:23]} Ke8
{[%emt 0:01:14]} 15. Ke2 {[%emt 0:00:04]} b6 {[%emt 0:00:43]} 16. d3 {[%emt 0:
00:24]} Kf8 {[%emt 0:01:03]} 17. Rac1 {[%emt 0:00:40]} Nd7 {[%emt 0:01:07]} 18.
f4 {[%emt 0:03:26]} Nf6 {[%emt 0:02:07]} 19. Rhd1 {[%emt 0:01:01]} Nb4 {
[%emt 0:00:46]} 20. Bb7 {[%emt 0:02:30]} Rc7 {[%emt 0:00:39]} 21. Bf3 {[%emt 0:
00:02]} Rcd7 {[%emt 0:00:11]} 22. d4 {[%emt 0:00:41]} cxd4 {[%emt 0:00:39]} 23.
Rxd4 {[%emt 0:00:07]} Rxd4 {[%emt 0:00:15]} 24. exd4 {[%emt 0:00:01]} Rc8 {
[%emt 0:01:05]} 25. Kd2 {[%emt 0:01:34]} Rc7 {[%emt 0:02:03]} 26. a3 {[%emt 0:
01:23]} Nbd5 {[%emt 0:00:06]} 27. Nb5 {[%emt 0:00:04]} Rxc1 {[%emt 0:00:15]}
28. Bxc1 {[%emt 0:00:02]} a6 {[%emt 0:00:42]} 29. Na7 {[%emt 0:00:06]} Ke8 {
[%emt 0:01:07]} 30. Nc6 {[%emt 0:00:01]} Bd6 {[%emt 0:00:32]} 31. Kd3 {[%emt 0:
00:50]} g6 {[%emt 0:00:10]} 32. Ne5 {[%emt 0:00:10]} Nd7 {[%emt 0:00:30]} 33.
Nc4 {[%emt 0:00:04]} Bc7 {[%emt 0:00:26]} 34. Bd2 {[%emt 0:00:17]} h5 {[%emt 0:
00:16]} 35. a4 {[%emt 0:00:42]} Kd8 {[%emt 0:00:27]} 36. Bc1 {[%emt 0:00:20]}
Nb4+ {[%emt 0:00:13]} 37. Kd2 {[%emt 0:00:07]} Nd5 {[%emt 0:00:17]} 38. Ba3 {
[%emt 0:00:13]} h4 {[%emt 0:00:07]} 39. Ne5 {[%emt 0:00:36]} Nxe5 {[%emt 0:00:
20]} 40. dxe5 {[%emt 0:00:29]} hxg3 {[%emt 0:00:02]} 41. hxg3 {[%emt 0:00:01]}
g5 {[%emt 0:00:20]} 42. Bxd5 exd5 {[%emt 0:00:03]} 43. Ke3 {[%emt 0:01:53]}
gxf4+ {[%emt 0:00:11]} 44. Kxf4 {[%emt 0:01:11]} Kd7 {[%emt 0:00:02]} 45. Kf5 {
[%emt 0:00:01]} Bd8 {[%emt 0:00:11]} 46. Bb2 {[%emt 0:00:06]} b5 {[%emt 0:00:
14]} 47. axb5 axb5 {[%emt 0:00:01]} 48. Bd4 {[%emt 0:00:02]} Be7 {[%emt 0:00:
09]} 49. g4 {[%emt 0:00:02]} Bd8 {[%emt 0:00:12]} 50. Bc5 {[%emt 0:00:11]} Be7
{[%emt 0:00:25]} 51. Bb6 {[%emt 0:00:31]} Bd8 {[%emt 0:00:14]} 52. Bxd8 {
[%emt 0:00:13]} Kxd8 {[%emt 0:00:01]} 53. Kf4 {[%emt 0:00:01]} b4 {[%emt 0:00:
14]} 54. Ke3 {[%emt 0:00:05]} Kd7 {[%emt 0:00:02]} 55. Kd4 {[%emt 0:00:07]} Ke6
{[%emt 0:00:01]} 56. g5 {[%emt 0:00:02]} Kf5 {[%emt 0:00:03]} 57. Kxd5 {
[%emt 0:00:01]} Kxg5 {[%emt 0:00:03]} 58. e6 {[%emt 0:00:08]} Kf6 {[%emt 0:00:
45]} 59. exf7 {[%emt 0:00:02]} Kxf7 {[%emt 0:00:01]} 60. Kc5 {[%emt 0:00:00]}
Ke6 {[%emt 0:00:08]} 61. Kxb4 {[%emt 0:00:02]} Kd6 {[%emt 0:00:08]} 62. Kb5 {
[%emt 0:00:01]} Kc7 {[%emt 0:00:14]} 63. Ka6 {[%emt 0:00:01]} Kc8 {[%emt 0:00:
23]} 64. b4 {[%emt 0:00:21]} Kc7 {[%emt 0:00:08]} 65. b5 {[%emt 0:00:17]} Kb8 {
[%emt 0:00:01]} 66. Kb6 {[%emt 0:00:01]} 1-0

[Event "European Rapid Championship 2021"]
[Site "Katowice"]
[Date "2021.12.19"]
[Round "10.12"]
[White "Karolczuk, Iwo"]
[Black "Lewtak, Damian"]
[Result "1-0"]
[WhiteElo "2007"]
[BlackElo "2185"]
[Annotator "NA"]
[PlyCount "125"]
[EventDate "2021.12.18"]
[EventType "swiss"]
[EventCountry "POL"]
[SourceTitle "playchess.com"]
[Source "ChessBase"]
[SourceQuality "1"]
[TimeControl "900+10"]

1. d4 {[%emt 0:00:03]} d6 {[%emt 0:00:01]} 2. Nf3 {[%emt 0:00:11]} g6 {[%emt 0:
00:02]} 3. g3 {[%emt 0:00:06]} Bg7 {[%emt 0:00:05]} 4. Bg2 {[%emt 0:00:02]} e5
{[%emt 0:00:02]} 5. e4 {[%emt 0:00:50]} Nc6 {[%emt 0:00:12]} 6. dxe5 {[%emt 0:
00:28]} dxe5 {[%emt 0:00:03]} 7. Qxd8+ {[%emt 0:00:10]} Nxd8 {[%emt 0:00:05]}
8. O-O {[%emt 0:00:02]} f6 {[%emt 0:00:20]} 9. Nbd2 {[%emt 0:00:37]} Nh6 {
[%emt 0:00:22]} 10. Nc4 {[%emt 0:00:11]} Be6 {[%emt 0:00:38]} 11. Ne3 {[%emt 0:
00:08]} c6 {[%emt 0:00:26]} 12. b3 {[%emt 0:00:05]} Ng4 {[%emt 0:00:13]} 13.
Rd1 {[%emt 0:01:24]} Bf8 {[%emt 0:01:17]} 14. h3 {[%emt 0:00:30]} Nxe3 {
[%emt 0:00:04]} 15. Bxe3 {[%emt 0:00:03]} Ba3 {[%emt 0:00:43]} 16. Rd2 {
[%emt 0:01:28]} Nf7 {[%emt 0:00:37]} 17. Rad1 {[%emt 0:00:39]} Ke7 {[%emt 0:00:
08]} 18. c3 {[%emt 0:00:23]} Rhd8 {[%emt 0:00:20]} 19. Rxd8 {[%emt 0:00:50]}
Nxd8 {[%emt 0:00:02]} 20. Bf1 {[%emt 0:02:03]} a5 {[%emt 0:00:47]} 21. Nd2 {
[%emt 0:00:36]} a4 {[%emt 0:02:08]} 22. Nc4 {[%emt 0:00:55]} Bxc4 {[%emt 0:00:
19]} 23. Bxc4 {[%emt 0:00:01]} Ne6 {[%emt 0:04:02]} 24. b4 {[%emt 0:01:51]} Rd8
{[%emt 0:00:46]} 25. Rxd8 {[%emt 0:00:14]} Nxd8 {[%emt 0:00:02]} 26. Bc5+ {
[%emt 0:01:27]} Ke8 {[%emt 0:00:01]} 27. Bg8 {[%emt 0:02:10]} h5 {[%emt 0:01:
19]} 28. Kf1 {[%emt 0:00:06]} Bb2 {[%emt 0:02:01]} 29. c4 {[%emt 0:00:21]} b5 {
[%emt 0:01:30]} 30. cxb5 {[%emt 0:00:48]} cxb5 {[%emt 0:00:02]} 31. Bd5 {
[%emt 0:00:04]} Kd7 {[%emt 0:00:02]} 32. Ke2 {[%emt 0:00:22]} Ne6 {[%emt 0:00:
14]} 33. Bxe6+ {[%emt 0:00:19]} Kxe6 {[%emt 0:00:01]} 34. f3 {[%emt 0:00:19]}
Bc3 {[%emt 0:00:18]} 35. g4 {[%emt 0:00:35]} Kf7 {[%emt 0:00:22]} 36. Kd3 {
[%emt 0:00:09]} Be1 {[%emt 0:00:35]} 37. Ke2 {[%emt 0:00:02]} Bg3 {[%emt 0:00:
12]} 38. Be3 {[%emt 0:00:28]} Bh4 {[%emt 0:00:35]} 39. Bd2 {[%emt 0:00:15]} Kg7
{[%emt 0:00:22]} 40. Be3 {[%emt 0:00:04]} Bg3 {[%emt 0:00:10]} 41. Bd2 {
[%emt 0:00:08]} Kh7 {[%emt 0:00:06]} 42. Be3 {[%emt 0:00:17]} Bh4 {[%emt 0:00:
06]} 43. Bd2 {[%emt 0:00:03]} Kg7 {[%emt 0:00:02]} 44. Be3 {[%emt 0:00:02]} f5
{[%emt 0:00:09]} 45. Bc5 {[%emt 0:00:33]} Kf6 {[%emt 0:00:15]} 46. Be3 {
[%emt 0:00:10]} Bg5 {[%emt 0:00:09]} 47. Bb6 {[%emt 0:00:08]} Bf4 {[%emt 0:00:
11]} 48. gxh5 {[%emt 0:00:15]} gxh5 {[%emt 0:00:01]} 49. Bd8+ {[%emt 0:00:02]}
Ke6 {[%emt 0:00:03]} 50. Bb6 {[%emt 0:00:08]} Bg5 {[%emt 0:00:19]} 51. Bc5 {
[%emt 0:00:03]} Bd8 {[%emt 0:00:03]} 52. Kf2 {[%emt 0:00:11]} Kf6 {[%emt 0:00:
14]} 53. Kg3 {[%emt 0:00:07]} Kg6 {[%emt 0:00:07]} 54. Bd6 {[%emt 0:00:30]} Bf6
{[%emt 0:00:28]} 55. f4 {[%emt 0:00:10]} fxe4 {[%emt 0:00:05]} 56. fxe5 {
[%emt 0:00:01]} Bg5 {[%emt 0:00:22]} 57. e6 {[%emt 0:00:12]} Kf6 {[%emt 0:00:
21]} 58. Bf4 {[%emt 0:00:14]} Bxf4+ {[%emt 0:00:10]} 59. Kxf4 {[%emt 0:00:02]}
Kxe6 {[%emt 0:00:02]} 60. Kxe4 {[%emt 0:00:03]} a3 {[%emt 0:00:10]} 61. Kd4 {
[%emt 0:00:16]} Kf5 {[%emt 0:00:07]} 62. Kc5 {[%emt 0:00:01]} Kf4 {[%emt 0:00:
04]} 63. Kxb5 {[%emt 0:00:02]} 1-0

[Event "European Rapid Championship 2021"]
[Site "Katowice"]
[Date "2021.12.19"]
[Round "10.13"]
[White "Przybylski, Wojciech"]
[Black "Musial, Tomasz"]
[Result "1-0"]
[WhiteElo "2321"]
[BlackElo "1916"]
[Annotator "NA"]
[PlyCount "113"]
[EventDate "2021.12.18"]
[EventType "swiss"]
[EventCountry "POL"]
[SourceTitle "playchess.com"]
[Source "ChessBase"]
[SourceQuality "1"]
[TimeControl "900+10"]

1. e4 {[%emt 0:00:03]} e6 {[%emt 0:00:01]} 2. d4 {[%emt 0:00:06]} d5 {[%emt 0:
00:02]} 3. Nc3 {[%emt 0:00:03]} Nf6 {[%emt 0:00:04]} 4. Bg5 {[%emt 0:00:08]}
dxe4 {[%emt 0:00:02]} 5. Nxe4 {[%emt 0:00:09]} Be7 {[%emt 0:00:02]} 6. Bxf6 {
[%emt 0:00:11]} gxf6 {[%emt 0:00:02]} 7. Nc3 {[%emt 0:00:07]} f5 {[%emt 0:00:
35]} 8. g3 {[%emt 0:00:12]} Bf6 {[%emt 0:00:23]} 9. Nf3 {[%emt 0:00:11]} c5 {
[%emt 0:00:39]} 10. dxc5 {[%emt 0:03:02]} Bxc3+ {[%emt 0:01:33]} 11. bxc3 {
[%emt 0:00:03]} Qxd1+ {[%emt 0:00:03]} 12. Rxd1 {[%emt 0:00:06]} Nd7 {[%emt 0:
00:09]} 13. Bb5 {[%emt 0:01:21]} a6 {[%emt 0:01:14]} 14. Bxd7+ {[%emt 0:04:43]}
Bxd7 {[%emt 0:00:02]} 15. Ne5 {[%emt 0:00:01]} Bb5 {[%emt 0:02:55]} 16. c4 {
[%emt 0:01:38]} Ba4 {[%emt 0:00:16]} 17. Kd2 {[%emt 0:00:31]} Rc8 {[%emt 0:01:
35]} 18. Nd3 {[%emt 0:00:27]} O-O {[%emt 0:02:20]} 19. f3 {[%emt 0:01:51]} b6 {
[%emt 0:02:21]} 20. Rb1 {[%emt 0:00:05]} bxc5 {[%emt 0:00:21]} 21. Rb6 {
[%emt 0:00:02]} Rc6 {[%emt 0:01:28]} 22. Rhb1 {[%emt 0:00:15]} Rfc8 {[%emt 0:
01:03]} 23. f4 {[%emt 0:00:13]} a5 {[%emt 0:00:38]} 24. Kc3 {[%emt 0:00:30]}
Kf8 {[%emt 0:00:37]} 25. Rxc6 Bxc6 {[%emt 0:00:10]} 26. Nxc5 {[%emt 0:00:35]}
Bd5 {[%emt 0:00:29]} 27. Rb5 {[%emt 0:00:08]} Bc6 {[%emt 0:00:21]} 28. Rxa5 {
[%emt 0:00:01]} Be8 {[%emt 0:00:01]} 29. Nd3 {[%emt 0:00:16]} Rc7 {[%emt 0:00:
01]} 30. Ra8 {[%emt 0:00:16]} Ke7 {[%emt 0:00:03]} 31. a4 {[%emt 0:01:00]} f6 {
[%emt 0:00:15]} 32. a5 {[%emt 0:00:29]} Bb5 {[%emt 0:00:07]} 33. Nb2 {[%emt 0:
00:12]} Bc6 {[%emt 0:00:13]} 34. Rh8 {[%emt 0:00:10]} Kd6 {[%emt 0:00:01]} 35.
Rf8 {[%emt 0:01:01]} Ke7 {[%emt 0:00:13]} 36. Rb8 {[%emt 0:00:19]} Ra7 {
[%emt 0:00:08]} 37. Kb4 {[%emt 0:00:30]} Kd6 {[%emt 0:00:18]} 38. Nd3 {[%emt 0:
00:21]} e5 {[%emt 0:00:15]} 39. Rb6 {[%emt 0:00:10]} e4 {[%emt 0:00:08]} 40.
Nc1 {[%emt 0:00:03]} Ra8 {[%emt 0:00:17]} 41. Ne2 {[%emt 0:00:06]} Kc7 {
[%emt 0:00:07]} 42. Nd4 {[%emt 0:00:06]} Bd7 {[%emt 0:00:01]} 43. Rxf6 {
[%emt 0:00:20]} e3 {[%emt 0:00:12]} 44. a6 {[%emt 0:00:16]} Re8 {[%emt 0:00:13]
} 45. Ne2 {[%emt 0:00:07]} Bc6 {[%emt 0:00:01]} 46. Kc3 {[%emt 0:00:08]} Bf3 {
[%emt 0:00:13]} 47. Kd3 {[%emt 0:00:01]} Bg4 {[%emt 0:00:10]} 48. c5 {[%emt 0:
00:15]} Rd8+ {[%emt 0:00:01]} 49. Rd6 {[%emt 0:00:01]} Re8 {[%emt 0:00:13]} 50.
c3 {[%emt 0:00:14]} h5 {[%emt 0:00:14]} 51. Rd5 {[%emt 0:00:06]} Bf3 {[%emt 0:
00:07]} 52. Re5 {[%emt 0:00:02]} Be4+ {[%emt 0:00:30]} 53. Kxe3 {[%emt 0:00:01]
} Rd8 {[%emt 0:00:01]} 54. Nd4 {[%emt 0:00:03]} Ra8 {[%emt 0:00:01]} 55. Re6 {
[%emt 0:00:02]} Rb8 {[%emt 0:00:05]} 56. Re7+ {[%emt 0:00:16]} Kd8 {[%emt 0:00:
04]} 57. Rxe4 {[%emt 0:00:10]} 1-0

[Event "European Rapid Championship 2021"]
[Site "Katowice"]
[Date "2021.12.19"]
[Round "10.13"]
[White "Szpar, Milosz"]
[Black "Gumularz, Szymon"]
[Result "0-1"]
[WhiteElo "2315"]
[BlackElo "2452"]
[Annotator "ChessBase"]
[PlyCount "56"]
[EventDate "2021.12.18"]
[EventType "swiss"]
[EventCountry "POL"]
[SourceTitle "playchess.com"]
[Source "ChessBase"]
[SourceQuality "1"]
[TimeControl "900+10"]

1. e4 {[%emt 0:00:02]} c6 {[%emt 0:00:01]} 2. d4 {[%emt 0:00:03]} d5 {[%emt 0:
00:01]} 3. e5 {[%emt 0:00:03]} Bf5 {[%emt 0:00:04]} 4. h4 {[%emt 0:00:05]} h5 {
[%emt 0:00:04]} 5. Bd3 {[%emt 0:00:05]} Bxd3 {[%emt 0:00:06]} 6. Qxd3 {[%emt 0:
00:02]} Qa5+ {[%emt 0:00:04]} 7. Nd2 {[%emt 0:00:05]} e6 {[%emt 0:00:06]} 8.
Ngf3 {[%emt 0:00:09]} Nh6 {[%emt 0:00:06]} 9. O-O {[%emt 0:00:08]} Nf5 {
[%emt 0:00:04]} 10. Nb3 {[%emt 0:00:17]} Qb5 {[%emt 0:00:03]} 11. Qd1 {[%emt 0:
00:06]} c5 {[%emt 0:00:03]} 12. dxc5 {[%emt 0:02:13]} Bxc5 {[%emt 0:00:03]} 13.
a4 {[%emt 0:00:49]} Qb6 {[%emt 0:00:03]} 14. Nxc5 {[%emt 0:00:45]} Qxc5 {
[%emt 0:00:02]} 15. b3 {[%emt 0:00:04]} Nc6 {[%emt 0:00:59]} 16. Bb2 {[%emt 0:
02:13]} Rd8 {[%emt 0:00:52]} 17. Qd2 {[%emt 0:00:19]} Rh6 {[%emt 0:00:16]} 18.
Ba3 {[%emt 0:01:48]} Qb6 {[%emt 0:00:03]} 19. Rfe1 {[%emt 0:02:08]} Rg6 {
[%emt 0:00:05]} 20. Kh2 {[%emt 0:00:11]} d4 {[%emt 0:03:02]} 21. Qd3 {[%emt 0:
00:42]} Rd5 {[%emt 0:00:07]} 22. Re4 {[%emt 0:00:30]} Qc7 {[%emt 0:00:11]} 23.
Rae1 {[%emt 0:00:11]} Rg4 {[%emt 0:00:29]} 24. Kh3 {[%emt 0:00:26]} Rxe4 {
[%emt 0:00:07]} 25. Qxe4 {[%emt 0:00:05]} Kd7 {[%emt 0:00:17]} 26. Re2 {
[%emt 0:00:39]} Kc8 {[%emt 0:00:06]} 27. Bb2 {[%emt 0:00:38]} Qd8 {[%emt 0:00:
33]} 28. Ne1 {[%emt 0:00:32]} Rxe5 {[%emt 0:00:06]} 0-1